| 000 | 00548nam a2200193 a 4500 | ||
|---|---|---|---|
| 001 | 2965 | ||
| 003 | CDMR | ||
| 005 | 20131029163421.0 | ||
| 008 | 130130s1999||||||||||||||||||||||||||||d | ||
| 020 | _a8473065441 | ||
| 040 |
_aCDMR _bcat _cCPC GIRONA |
||
| 100 | 1 |
_aMadueño, Eugenio _91055 |
|
| 245 | 1 | 0 |
_aNotícies del més enllà _b: el reporterisme en premsa _cEugenio Madueño, Bru Rovira |
| 260 |
_c1999 _bPòrtic _aBarcelona |
||
| 490 | 0 |
_aEines de periodista _v1 |
|
| 650 | 0 | 4 |
_93352 _aReportatges |
| 700 | 1 |
_94191 _aRovira, Bru |
|
| 942 |
_cMON _2udc |
||
| 999 |
_c2965 _d2965 |
||